| 000 | 00498nam a2200229Ia 4500 | ||
|---|---|---|---|
| 003 | IT-RoPAU | ||
| 008 | 120407s9999 xx 000 0 und d | ||
| 040 | _aIT-RoPAU | ||
| 040 | _cIT-RoPAU | ||
| 041 | _aita | ||
| 100 | _aNicola De Marini | ||
| 245 | _aSessualità linguaggio d’amore | ||
| 250 | _aCinisello Balsamo | ||
| 260 | _aEdizioni Paoline | ||
| 260 | _c1988 | ||
| 300 | _a310 p. | ||
| 300 | _c20 cm | ||
| 490 | _a I prismi | ||
| 490 | _v13 | ||
| 942 | _cBK | ||
| 999 |
_c32200 _d32200 |
||